Vyčislitel'naja technika socialističeskich stran sbornik statej

Guardado en:
Detalles Bibliográficos
Formato: Libro
Lenguaje:ruso
Publicado: Moskva Finansy i statistika 1987
Etiquetas: Agregar Etiqueta
Sin Etiquetas, Sea el primero en etiquetar este registro!

MARC

LEADER 00000nam a2200000 4500
001 c023483
005 20230116081443.8
041 0 |a rus 
044 |a RU 
245 1 0 |a Vyčislitel'naja technika socialističeskich stran  |b sbornik statej 
264 1 |a Moskva  |b Finansy i statistika  |c 1987 
300 |a 182 s.